000 00358nam a2200145Ia 4500
008 220803s9999 xx 000 0 und d
020 _a9781859463529
041 _aeng
082 _a721.044 BEN
100 _aBennett D
_925054
245 _aSustainable Concrete Architecture
260 _aLondon
_bRIBA Publishing
_c2010
300 _a266p
500 _aLANDS
999 _c15924
_d15924